000 01196nam0a22003011 4500
001 rc\3989904
005 20260405053637.0
021 _aRU
_b[56-51784]
035 _a(NLR Aleph) 008066616
090 _a9036769
_c9036769
100 _a20130415d1956 |||y0rusy50 ca
101 0 _arus
102 _aRU
105 _aa z |||a|
200 1 _aИсчезнувшее село
_eИст. роман
_f[Ил.: А.Н. Морозов]
210 _aМосква
_cСов. писатель
_d1956
215 _a287 с., 1 л. ил.
_d21
606 _aКрестьянское восстание на Украине 1789 г. (х. л.)
_2psbo
606 _aКазачество украинское (х. л.)
_2psbo
607 _aУкраина
_z18 в. (х. л.)
_2psbo
700 1 _8rus
_7ca
_aЮрезанский
_bВ.Т.
_f1888-1957
_gВладимир Тимофеевич
_3RU\NLR\AUTH\7717453
_9540
702 1 _4440
_aМорозов-Лас
_bА. Н.
_cхудожник-график
_f1896-1965
_gАлексей Николаевич
_9127084
_3RU\NLR\AUTH\770127108
801 0 _aRU
_bNLR
_gpsbo
801 1 _aRU
_bELAR
_2rusmarc
852 _aNLR
_jЛ30 Г-3/4936
942 _cBOOK
980 _aNB